000 00306nam a2200121Ia 4500
005 20251222142002.0
008 251222s9999||||xx |||||||||||||| ||spa||
082 _a577/V32
100 _aVargas Cairo, Carlos A.
245 0 _aEcologĂ­a
264 _bEscuela de Periodismo Jaime Bausate y Meza
942 _cLIB
999 _c10037
_d10037